Cestovní ruch na Kubě

Geografické predpoklady rozvoja cestovného ruchu na Kube. Charakteristika cestovného ruchu na Kube. Česká ponuka zájazdov na Kubu. Vplyv cestovného ruchu na ekonomiku štátu.

Na minha lista:
Detalhes bibliográficos
Autor principal: Pánková, Dagmar
Formato: Capítulo de Livro
Idioma:tcheco
Assuntos:
Tags: Adicionar Tag
Sem tags, seja o primeiro a adicionar uma tag!

MARC

LEADER 00000nla a2200000 4500
001 0193439
005 20240417075050.1
041 0 |a cze 
044 |a CZ 
245 1 0 |a Cestovní ruch na Kubě  |c Dagmar Pánková 
520 |a Geografické predpoklady rozvoja cestovného ruchu na Kube. Charakteristika cestovného ruchu na Kube. Česká ponuka zájazdov na Kubu. Vplyv cestovného ruchu na ekonomiku štátu. 
610 2 0 |a ruch cestovný 
610 2 0 |a rozvoj hospodársky 
610 2 0 |a produkt domáci hrubý 
610 2 0 |a ponuka 
610 2 0 |a kancelárie cestovné 
610 2 0 |a hotely 
610 2 0 |a služby 
610 2 0 |a Kuba 
100 1 |a Pánková, Dagmar